LEADER 01165nam a2200241 i 4500 001 000000257488 003 CaOOAMICUS 005 20251105154610.0 008 180301s1885 it u000 u ita u 013 $a236396 040 $aSeMil$bita 100 1 $aSordelli, Ferdinando.$0(OLS)http://semarc/name/92933 245 13$aLe farfalle :$bstoria naturale, classificazione ed iconografia dei principali Lepidotteri d'Italia e dei paesi circonvicini /$cdel prof. Ferdinando Sordelli. 260 $aMilano :$bUlrico Hoepli,$c1885. 300 $aVI, 170 p., 50 c. di tav. :$bill. color. ;$c30 cm. 500 $aPrima del titolo: Museo entomologico. 650 4$aFarfalle.$0(OLS)http://semarc/subject/58853 650 4$aLepidotteri.$0(OLS)http://semarc/subject/47083 850 $aSeMil 852 $aSeMil$W1$xVenegono$y1$m3W VI 12 FA$j207834$B207834$CSeMilBibl$Z2$F221383 $8I 996 $6245$aLe farfalle :$bstoria naturale, classificazione ed iconografia dei principali Lepidotteri d'Italia e dei paesi circonvicini$9(OLS)http://semarc/title/412880 996 $6260$aMilano :$bUlrico Hoepli$9(OLS)http://semarc/publisher/29765 LEADER 01309nam a2200241 i 4500 001 000000053683 003 CaOOAMICUS 005 19970416000000.0 008 970416n xx u000 u ger u 013 $a24855 020 $a3727810920 040 $aSeMil$bita 100 1 $aPollmann, Karla,$d<1963- >.$0(OLS)http://semarc/name/26522 245 10$aDoctrina christiana :$bUntersuchungen zu den Anfängen der christlichen Hermeneutik unter besonderer Berücksichtigung von Augustinus, "De doctrina christiana". 490 0 $aParadosis : études de littérature et de théologie anciennes = Paradosis : contributions to the history of Early Christian literature and theology ;$v41 600 04$aAgostino, Aurelio .$0(OLS)http://semarc/subject/1856 650 4$aTeologia - Saggi.$0(OLS)http://semarc/subject/231 830 0$aParadosis ;$v41.$0(OLS)http://semarc/title/420187 850 $aSeMil 852 $aSeMil$W1$xVenegono$y1$m2N IV 241$j19837$B19837$CSeMilBibl$Z2$F19839 $81 961 $aAcquisto: Casa editrice 996 $6020$a3727810920$9(OLS)http://semarc/number/28457 996 $6245$aDoctrina christiana :$bUntersuchungen zu den Anfängen der christlichen Hermeneutik unter besonderer Berücksichtigung von Augustinus, "De doctrina christiana"$9(OLS)http://semarc/title/82771